000 00701nam a2200205 ar4500
001 3538
005 20221127090752.0
008 130929s xxka 0001f|eng d
020 _a9780552774635(pbk)
082 0 4 _a839.78
_bT343 2009
100 1 _aTheorin, Johan.
245 1 0 _aEchoes from the dead /
_cJohan Theorin ; translated from the Swedish by Marlaine Delargy.
260 _aLondon :
_bBlack Swan,
_c2009.
300 _a479 p. :
_bill. ;
_c20 cm.
650 4 _aSwedish fiction
_xTranslations into English.
650 4 _aSwedish literature
_y21st century.
650 4 _aEnglish fiction
_xForeign countries.
650 4 _aDetective and mystery stories.
700 0 _aDelargy, Marlaine,
_etranslator.
999 _c3536
_d3536